Dirigeants de l'Union européenne (2016) - Statistiques

Statistiques générales
  • Ce quiz a été pris 85 fois
  • Le résultat moyen est 14 sur 28
Statistiques - réponses
dirigeant pays % Correct
Emmanuel Macron France
100%
Angela Merkel Allemagne
96%
Boris Johnson Royaume-Uni
88%
Giuseppe Conte Italie
87%
António Costa Portugal
82%
Pedro Sánchez Espagne
79%
Kyriakos Mitsotakis Grèce
79%
Charles Michel Belgique
74%
Mette Frederiksen Danemark
72%
Viktor Orbán Hongrie
71%
Mateusz Morawiecki Pologne
63%
Xavier Bettel Luxembourg
49%
Mark Rutte Pays-Bas
46%
Nicos Anastasiades Chypre
44%
Stefan Löfven Suède
42%
Brigitte Bierlein Autriche
41%
Andrej Plenković Croatie
38%
Boyko Borisov Bulgarie
37%
Marjan Šarec Slovénie
36%
Krišjānis Kariņš Lettonie
31%
Antti Rinne Finlande
29%
Andrej Babiš Tchèquie
28%
Jüri Ratas Estonie
24%
Leo Varadkar Irlande
23%
Klaus Iohannis Roumanie
23%
Joseph Muscat Malte
22%
Gitanas Nausėda Lituanie
21%
Peter Pellegrini Slovaquie
19%
Aucun quiz correspondant
Distribution des résultats
% des personnes avec chaque résultat
Percentile par nombre de réponses
Votre historique - résultats
Vous n’avez pas pris ce quiz